Statistics for Countries With More People Than Relessness Has Takes

Click here to take the quiz!

General Stats

  • This quiz has been taken 7 times
  • The average score is 60 of 76

Answer Stats

PopCountry% Correct
1,439,323,776China
100%
83,992,949Iran
100%
17,500,658Syria
100%
25,499,884Australia
100%
1,380,004,385India
100%
38,928,346Afghanistan
100%
40,222,493Iraq
100%
46,754,778Spain
100%
60,461,826Italy
100%
67,886,011United Kingdom
100%
69,799,978Thailand
100%
83,783,942Germany
100%
37,742,154Canada
100%
102,334,404Egypt
100%
128,932,753Mexico
100%
331,002,651United States
100%
145,934,462Russia
100%
212,559,417Brazil
100%
27,691,018Madagascar
83%
19,116,201Chile
83%
29,136,808Nepal
83%
21,413,249Sri Lanka
83%
29,825,964Yemen
83%
25,778,816North Korea
83%
31,072,940Ghana
83%
97,338,579Vietnam
83%
32,971,854Peru
83%
17,915,568Guatemala
83%
34,813,871Saudi Arabia
83%
36,910,560Morocco
83%
220,892,340Pakistan
83%
37,846,611Poland
83%
43,733,762Ukraine
83%
43,849,260Sudan
83%
15,893,222Somalia
83%
89,561,403DR Congo
83%
84,339,067Turkey
83%
109,581,078Philippines
83%
114,963,588Ethiopia
83%
126,476,461Japan
83%
65,273,511France
83%
273,523,615Indonesia
83%
50,882,891Colombia
83%
51,269,185South Korea
83%
16,743,927Senegal
83%
45,195,774Argentina
83%
16,425,864Chad
67%
18,383,955Zambia
67%
23,816,775Taiwan
67%
18,776,707Kazakhstan
67%
13,132,795Guinea
67%
16,718,965Cambodia
67%
19,237,691Romania
67%
17,643,054Ecuador
67%
14,862,924Zimbabwe
67%
32,365,999Malaysia
67%
24,206,644Niger
67%
26,378,274Côte d'Ivoire
67%
59,734,218Tanzania
67%
59,308,690South Africa
67%
54,409,800Myanmar
67%
53,771,296Kenya
67%
164,689,383Bangladesh
67%
45,741,007Uganda
67%
43,851,044Algeria
67%
206,139,589Nigeria
67%
33,469,203Uzbekistan
67%
32,866,272Angola
67%
31,255,435Mozambique
67%
28,435,940Venezuela
67%
17,134,872Netherlands
50%
19,129,952Malawi
50%
20,250,833Mali
50%
20,903,273Burkina Faso
50%
26,545,863Cameroon
33%
12,952,218Rwanda
17%

Score Distribution

Percentile by Number Answered

Percent of People with Each Score

Your Score History

You have not taken this quiz